The unseen : Sin and salvation; Part 4

Bibliographic Details
Main Author: Cusick, Richie Tankersley
Corporate Author: Title
Format: Book
Published: New York : Penguin Group , 2006
Subjects:

MARC

LEADER 00000cam a2200000 7i4500
001 0000009646
005 20160330.0
008 071002
020 |a 0142405841 
090 0 0 |a CUS   |b ENG (7974) 
100 1 |a Cusick, Richie Tankersley 
245 1 4 |a The unseen :   |b Sin and salvation; Part 4   |c Richie Tankersley Cusick 
260 |a New York :   |b Penguin Group ,   |c 2006 
500 |a Teenager ages 13-18 years old (blue) 
650 0 |a Teenagers   |x English   |x Languages 
710 0 |a Title 
999 |a 0000997885   |b Book   |c Teenagers   |e Perbadanan Perpustakaan Awam Johor 
999 |a 0000997886   |b Book   |c Teenagers   |e Perbadanan Perpustakaan Awam Johor 
999 |a 0000997887   |b Book   |c Teenagers   |e Perbadanan Perpustakaan Awam Johor